000 00510nam a2200181Ia 4500
008 230125s9999 xx 000 0 und d
020 _a0-87589-612-X
041 _aeng
082 _a650
_bBLA/MOU
100 _aBlake R R
_9108316
245 _aSolving costly organisational conflicts
260 _c1984
_bJossey-Bass Publication
_aSan Francisco
300 _a347p
500 _aOD
650 _aOrganization Development
700 _aBlake R R & Mouton J S
_9112811
999 _c89809
_d89809